[Event "Défi"]
[Site "www.echecsemail.com"]
[Date "2026.01.06"]
[Round "1"]
[White "Chomi64"]
[Black "Payne42"]
[WhiteElo "1850"]
[BlackElo "1820"]
[Result "1-0"]
1.d4 d6
2.e4 g6
3.f4 Bf8g7
4.Ng1f3 Ng8f6
5.Nb1c3 O-O
6.Bf1c4 a6
7.O-O b5
8.Bc4d3 Bc8b7
9.Qd1e1 Rf8e8
10.a3 Nb8d7
11.f5 Nd7b6
12.fxg6 hxg6
13.Qe1h4 e5
14.d5 Nf6h7
15.Nf3g5 Nh7xg5
16.Bc1xg5 Qd8d7
17.Rf1f3 f6
18.Bg5xf6 Bg7xf6
19.Rf3xf6 Qd7g7
20.Ra1f1 Re8f8
21.Qh4g5 Rf8xf6
22.Rf1xf6 Kh7
23.Qg5h4 Kg8
24.Qh4g5 Kh7
25.Bd3e2 Ra8f8
26.Qg5h4 Kg8
27.Rf6e6 Bb7c8
28.Re6e7 Rf8f7
29.Re7e8 Rf7f8
30.Qh4d8 Rf8xe8
31.Qd8xe8 Kh7
32.b3 Qg7d7
33.Qe8xd7 Nb6xd7
34.b4 Nd7f6
35.h3 Kh6
36.Kf2 Nf6h5
37.Be2xh5 gxh5
38.Kg3 Kg5
39.h4 Kg6
40.a4 bxa4
41.Nc3xa4 Bc8g4
42.Na4b2 Bg4e2
43.Kf2 Be2b5
44.c4 Bb5d7
45.Ke3 c6
46.c5 cxd5
47.exd5 dxc5
48.bxc5 Bd7b5
49.Ke4 Kf6
50.c6 a5
51.c7 Bb5d7
52.Nb2c4 a4
53.Nc4b6 a3
54.Nb6xd7 Ke7
55.c8R Kxd7
56.Rc8a8 Kd6
57.Ra8xa3 { abandon }1-0

[Event "Tournoi n27319"]
[Site "www.echecsemail.com"]
[Date "2026.01.06"]
[Round "1"]
[White "Lancien57"]
[Black "Wenoketo"]
[WhiteElo "1480"]
[BlackElo "1680"]
[Result "0-1"]
1.e4 c6
2.Ng1f3 e6
3.Nb1c3 Ng8e7
4.d4 d5
5.e5 Ne7g6
6.Bf1d3 Bf8e7
7.O-O Nb8d7
8.Bc1e3 O-O
9.a3 c5
10.Rf1e1 c4
11.Bd3e2 a6
12.h3 b5
13.b3 Bc8b7
14.bxc4 bxc4
15.a4 Be7b4
16.Be3d2 a5
17.Bd2g5 Qd8c7
18.Bg5d2 Qc7d8
19.Bd2g5 Qd8c7
20.Bg5d2 Ra8b8
21.Nc3b5 Qc7c6
22.Bd2xb4 Rf8d8
23.c3 axb4
24.cxb4 Rb8a8
25.Nb5c3 Rd8b8
26.b5 Qc6c7
27.Nf3h2 Qc7a5
28.Qd1c1 Nd7b6
29.Be2d1 Bb7c8
30.Nh2f3 Bc8d7
31.Qc1c2 Rb8b7
32.Bd1e2 Rb7a7
33.Ra1a3 Ra7b7
34.Re1b1 Ng6e7
35.Rb1b2 Ne7f5
36.g3 h6
37.Kg2 Nb6c8
38.Rb2a2 Nc8b6
39.g4 Nf5e7
40.Nf3h4 Bd7e8
41.f3 Nb6d7
42.f4 Ne7c8
43.Be2d1 Qa5d8
44.a5 Nd7b8
45.Qc2b2 Be8d7
46.Ra3a4 Qd8xh4
47.Qb2f2 Qh4xf2
48.Kxf2 Nc8a7
49.a6 Rb7b6
50.Ra4a5 Bd7xb5
51.Nc3xb5 Rb6xb5
52.Ra5a4 Nb8c6
53.Ke3 Ra8b8
54.h4 Rb5b1
55.Bd1c2 Rb1h1
56.h5 Rh1h3
57.Kf2 Nc6xd4
58.Bc2d1 Rh3h2
59.Kg3 Rh2xa2
60.Ra4xa2 Rb8b1
61.Bd1c2 Nd4xc2
62.Ra2xc2 Rb1a1
63.Rc2b2 Ra1xa6
64.Rb2b8 Kh7
65.g5 hxg5
66.fxg5 Ra6c6
67.Rb8b7 c3
68.Rb7b1 c2
69.Rb1c1 Na7b5
70.Kg4 Nb5d4
71.g6 fxg6
72.hxg6 Kxg6
73.Kf4 Nd4e2
74.Ke3 Ne2xc1
75.Kd2 Nc1a2
76.Kd3 c1Q
77.Ke2 Rc6c2
78.Kf3 Qc1f1
79.Ke3 Qf1e2
80.Kf4 Rc2c4
81.Kg3 Qe2e3
82.Kg2 Rc4c2
83.Kf1 Qe3c1
0-1

[Event "Défi( 10J+24H/c 10J Max )"]
[Site "www.echecsemail.com"]
[Date "2026.01.06"]
[Round "1"]
[White "Luc20"]
[Black "Intrigue"]
[WhiteElo "1870"]
[BlackElo "1740"]
[Result "0-1"]
1.d4 d5
2.Ng1f3 Ng8f6
3.g3 e6
4.Bf1g2 c5
5.b3 Nb8c6
6.Bc1b2 cxd4
7.Nf3xd4 Bc8d7
8.O-O Bf8e7
9.e3 O-O
10.Nb1d2 Qd8c7
11.Nd4b5 Qc7b8
12.a4 a6
13.Nb5c3 Qb8d8
14.Nd2f3 Ra8b8
15.Nc3e2 b5
16.axb5 axb5
17.Ne2d4 Nf6e4
18.Qd1e2 Nc6xd4
19.Nf3xd4 Ne4f6
20.Rf1d1 Qd8c7
21.Nd4f3 Rf8c8
22.Rd1c1 Nf6e4
23.Nf3e5 f6
24.Ne5xd7 Qc7xd7
25.Bg2h3 Qd7d8
26.Bb2d4 f5
27.Ra1a6 Qd8d7
28.Bh3f1 Be7f6
29.Bd4xf6 Ne4xf6
30.Qe2d3 b4
31.Qd3d4 Rc8c3
32.Bf1d3 Rb8c8
33.Qd4b6 Rc3xd3
34.Qb6xb4 Rd3c3
35.Ra6a2 Nf6e4
36.Kg2 Qd7c7
37.f3 Ne4g5
38.h4 Ng5f7
39.Kf2 Nf7e5
40.Ke2 h5
41.f4 Ne5g4
42.Qb4a5 Rc3xe3
43.Kd2 Re3xg3
44.Qa5xc7 Rc8xc7
45.Ra2a8 Kh7
46.Ra8a6 Rc7e7
47.b4 Ng4f6
48.c3 Nf6e4
49.Kc2 Rg3xc3
50.Kb2 Rc3xc1
51.Kxc1 Kg8
52.Kc2 Kf8
53.Kb3 Ke8
54.Ka4 d4
55.Kb5 d3
56.Kc6 d2
57.Ra6a1 Re7a7
58.Ra1xa7 d1Q
59.Ra7xg7 Qd1d6
60.Kb5 Qd6xf4
61.Kc6 Qf4d6
62.Kb5 Qd6e5
{ abandon }0-1

[Event "Défi"]
[Site "www.echecsemail.com"]
[Date "2026.01.06"]
[Round "1"]
[White "Petain"]
[Black "Patrick"]
[WhiteElo "1730"]
[BlackElo "1550"]
[Result "1-0"]
1.e4 e5
2.Ng1f3 d6
3.h3 Ng8f6
4.Nb1c3 c6
5.a3 Bc8e6
6.b3 d5
7.exd5 cxd5
8.Nf3xe5 d4
9.Nc3a2 Bf8c5
10.Ne5f3 Qd8d5
11.Bf1c4 Qd5e4
12.Bc4e2 Nb8d7
13.d3 O-O
14.dxe4 Nf6xe4
15.Nf3xd4 Nd7f6
16.Bc1e3 Ra8d8
17.c3 Bc5xa3
18.Qd1c2 Ba3d6
19.c4 Bd6e5
20.Ra1d1 a6
21.Be2f3 Ne4c5
22.Nd4xe6 Nc5xe6
23.Bf3xb7 Rd8b8
24.Bb7xa6 g6
25.Ba6b5 Rf8c8
26.O-O Rb8xb5
27.Qc2b1 Rb5b7
28.f4 Be5xf4
29.Be3xf4 Rc8xc4
30.Bf4h6 Rc4c5
31.Rf1xf6 Rb7c7
32.Qb1e4 Rc5h5
33.Rd1d8 { abandon }1-0

[Event "Tournoi n27340"]
[Site "www.echecsemail.com"]
[Date "2026.01.06"]
[Round "1"]
[White "Nico"]
[Black "Connecticcut"]
[WhiteElo "2010"]
[BlackElo "1870"]
[Result "1/2-1/2"]
1.d4 d5
2.Bc1f4 Bc8f5
3.Nb1c3 e6
4.Nc3b5 Bf8d6
5.Nb5xd6 cxd6
6.c3 Ng8e7
7.e3 h6
8.Bf1d3 Bf5xd3
9.Qd1xd3 O-O
10.Ng1f3 Nb8c6
11.O-O Ne7g6
12.Bf4g3 Nc6e7
13.h3 Ne7f5
14.Bg3h2 Nf5h4
15.Nf3xh4 Qd8xh4
16.Bh2xd6 Rf8e8
17.Bd6g3 Qh4h5
18.b3 f5
19.f4 Ng6e7
20.c4 Ra8c8
21.c5 Ne7c6
22.Qd3b5 Re8e7
23.Qb5d3 g5
24.fxg5 hxg5
25.a3 Re7f7
26.b4 Nc6e7
27.Qd3d1 g4
28.hxg4 fxg4
29.Rf1xf7 Kxf7
30.Qd1a4 Rc8h8
31.Ra1f1 Ne7f5
32.Qa4d7 Kf6
33.Bg3e5 Kg5
34.Be5xh8 g3
35.Qd7d8 Kh6
36.Qd8f6 Kh7
37.Rf1e1 Qh5h2
38.Kf1 Qh2h1
39.Ke2 Qh1xg2
40.Kd1 Qg2f3
41.Kd2 g2
42.Qf6e5 { nul }1/2-1/2

[Event "Memorial Lara CIII"]
[Site "www.echecsemail.com"]
[Date "2026.01.06"]
[Round "1"]
[White "Bertelsen"]
[Black "Intrigue"]
[WhiteElo "1730"]
[BlackElo "1760"]
[Result "0-1"]
1.e4 e6
2.d4 d5
3.e5 c5
4.Bc1e3 cxd4
5.Be3xd4 Nb8c6
6.c3 Ng8e7
7.Bf1b5 Bc8d7
8.Ng1f3 a6
9.Bb5a4 b5
10.Ba4c2 Nc6xd4
11.cxd4 Ne7c6
12.a3 Ra8c8
13.Nb1d2 Bf8e7
14.Nd2b3 h6
15.a4 O-O
16.O-O bxa4
17.Nb3c5 Nc6b4
18.b3 Be7xc5
19.dxc5 Nb4xc2
20.Qd1xc2 Bd7b5
21.Rf1d1 axb3
22.Qc2c3 Bb5c4
23.Ra1b1 a5
24.Rb1a1 Rc8xc5
25.Nf3d4 Qd8b6
26.Rd1b1 Rf8c8
27.Rb1b2 Qb6b4
28.Qc3e1 Qb4xe1
29.Ra1xe1 a4
30.Re1a1 Bc4b5
31.h3 Rc5c1
32.Ra1xc1 Rc8xc1
33.Kh2 Bb5c4
{ abandon }0-1

[Event "Tournoi n27315"]
[Site "www.echecsemail.com"]
[Date "2026.01.06"]
[Round "1"]
[White "Verson"]
[Black "Nicadria22"]
[WhiteElo "1880"]
[BlackElo "1920"]
[Result "1-0"]
1.d4 Ng8f6
2.Ng1f3 e6
3.e3 b6
4.Bf1d3 Bc8b7
5.Nb1d2 c5
6.c3 d5
7.Qd1c2 c4
8.Bd3e2 Bf8d6
9.O-O Qd8c7
10.b3 b5
11.bxc4 bxc4
12.h3 h6
13.Ra1b1 O-O
14.Qc2b2 Bb7c6
15.Qb2c2 Nb8d7
16.Bc1b2 e5
17.dxe5 Nd7xe5
18.Nf3xe5 Bd6xe5
19.Nd2f3 Be5d6
20.Nf3d4 Bc6d7
21.Rf1d1 Nf6e4
22.Be2f3 f5
23.Nd4e2 Bd7c6
24.Ne2d4 Bc6d7
25.Nd4e2 Bd7c6
26.Ne2d4 Bc6d7
27.Bf3xe4 dxe4
28.Qc2d2 Rf8d8
29.Nd4e2 Bd7a4
30.Qd2e1 Ba4xd1
31.Rb1xd1 Bd6e5
32.Rd1xd8 Ra8xd8
33.Ne2d4 Qc7d7
34.Qe1e2 Qd7a4
35.a3 g6
36.f3 exf3
37.gxf3 Kg7
38.Nd4e6 { abandon }1-0

[Event "Tournoi n27336"]
[Site "www.echecsemail.com"]
[Date "2026.01.06"]
[Round "1"]
[White "Vb83"]
[Black "Wenoketo"]
[WhiteElo "1420"]
[BlackElo "1670"]
[Result "0-1"]
1.e4 c6
2.d4 e6
3.Ng1f3 d5
4.e5 Nb8d7
5.c4 dxc4
6.Bf1xc4 Ng8e7
7.O-O Nd7b6
8.Bc4b3 Ne7d5
9.Bc1g5 Bf8e7
10.Bg5xe7 Qd8xe7
11.Nb1c3 Nd5xc3
12.bxc3 O-O
13.a4 Nb6d5
14.Qd1d3 Nd5f4
15.Qd3e4 Nf4g6
16.a5 Bc8d7
17.c4 Ra8d8
18.h3 Bd7c8
19.c5 Rd8d7
20.Ra1d1 Rf8d8
21.Bb3a4 a6
22.g3 h6
23.h4 Ng6f8
24.Ba4c2 g6
25.Kh2 Nf8h7
26.h5 Qe7e8
27.Nf3h4 Kg7
28.f4 Nh7f8
29.g4 Qe8e7
30.Kh3 f5
31.exf6 Qe7xf6
32.hxg6 Rd7xd4
33.Rd1xd4 Rd8xd4
34.Nh4f5 exf5
35.g5 fxe4
36.Kh4 hxg5
37.Kg3 Qf6xg6
38.f5 Qg6h5
39.f6 Kh6
40.Rf1h1 Qh5xh1
{ abandon }0-1

[Event "Transval 2"]
[Site "www.echecsemail.com"]
[Date "2026.01.06"]
[Round "1"]
[White "Fouvolant"]
[Black "Patau"]
[WhiteElo "1370"]
[BlackElo "1690"]
[Result "0-1"]
1.e4 e5
2.Ng1f3 c6
3.Nf3xe5 Qd8e7
4.d4 d6
5.Ne5f3 Qe7xe4
6.Bf1e2 Bc8f5
7.Nb1a3 Nb8d7
8.O-O O-O-O
9.Rf1e1 Qe4g4
10.Nf3g5 Qg4h4
11.Ng5xf7 Ng8f6
12.Nf7xd6 Bf8xd6
{ abandon }0-1

[Event "Transval 2"]
[Site "www.echecsemail.com"]
[Date "2026.01.06"]
[Round "1"]
[White "Patau"]
[Black "Fouvolant"]
[WhiteElo "1690"]
[BlackElo "1370"]
[Result "1-0"]
1.e4 c5
2.Ng1f3 e6
3.d4 cxd4
4.Nf3xd4 Ng8f6
5.e5 Qd8a5
6.Nb1c3 Qa5xe5
7.Bc1e3 Nb8c6
8.Bf1b5 a6
9.Bb5xc6 bxc6
10.O-O Bf8e7
11.Rf1e1 Qe5c7
12.Qd1f3 d5
13.Be3f4 { abandon }1-0

[Event "Eq:Les enfants de l Atlantide-Mission Impossible :"]
[Site "www.echecsemail.com"]
[Date "2026.01.06"]
[Round "1"]
[White "Chronik"]
[Black "Apage"]
[WhiteElo "2260"]
[BlackElo "1990"]
[Result "1-0"]
1.e4 e5
2.Ng1f3 Nb8c6
3.d4 exd4
4.Nf3xd4 Bf8c5
5.Bc1e3 Qd8f6
6.c3 Qf6g6
7.Nb1d2 Ng8f6
8.f4 Bc5xd4
9.f5 Qg6g4
10.Qd1xg4 Nf6xg4
11.Be3xd4 Nc6xd4
12.cxd4 O-O
13.Ra1c1 c6
14.Bf1e2 Ng4f6
15.g4 h6
16.h4 d5
17.e5 Nf6e8
18.Be2d3 g6
19.Ke2 gxf5
20.gxf5 Ne8g7
21.Rh1g1 Kh8
22.Rg1g2 Ng7xf5
23.Nd2f3 Bc8e6
24.Rc1g1 Rf8g8
25.Bd3xf5 Be6xf5
26.Ke3 Rg8xg2
27.Rg1xg2 Ra8g8
28.Rg2xg8 Kxg8
29.Nf3d2 f6
30.Kf4 Bf5d7
31.exf6 Kf7
32.Ke5 Bd7e8
33.Nd2f1 a5
34.Nf1e3 Be8d7
35.Ne3f5 Bd7xf5
36.Kxf5 b6
37.a4 c5
38.Ke5 h5
39.dxc5 { abandon }1-0

[Event "Transval 2"]
[Site "www.echecsemail.com"]
[Date "2026.01.06"]
[Round "1"]
[White "Fouvolant"]
[Black "Woluwe1975"]
[WhiteElo "1370"]
[BlackElo "1630"]
[Result "0-1"]
1.e4 e5
2.Ng1f3 Nb8c6
3.Bf1c4 Bf8e7
4.d4 exd4
5.c3 d6
6.cxd4 Ng8f6
7.Nb1c3 h6
8.h3 a6
9.O-O b5
10.Bc4d3 Bc8b7
11.Bd3b1 O-O
12.Nc3e2 Rf8e8
13.Ne2g3 Bb7c8
14.Qd1c2 Bc8b7
15.e5 dxe5
16.dxe5 Nc6b4
17.Qc2f5 Bb7c8
{ abandon }0-1

[Event "Transval 2"]
[Site "www.echecsemail.com"]
[Date "2026.01.06"]
[Round "1"]
[White "Woluwe1975"]
[Black "Fouvolant"]
[WhiteElo "1630"]
[BlackElo "1370"]
[Result "1-0"]
1.e4 c5
2.c3 Ng8f6
3.e5 Nf6d5
4.c4 Nd5b6
5.Ng1f3 Nb8c6
6.Nb1c3 e6
7.d3 d6
8.Bf1e2 dxe5
9.Nc3e4 Bf8e7
10.O-O h6
11.b3 Nc6d4
12.Nf3xd4 exd4
13.f4 f5
14.Ne4d2 O-O
15.Nd2f3 Nb6d7
16.a4 b6
17.Rf1e1 { abandon }1-0

[Event "Eq:Pirates du Mat-Les Rois du Succes :"]
[Site "www.echecsemail.com"]
[Date "2026.01.06"]
[Round "1"]
[White "Hogar"]
[Black "Sp52"]
[WhiteElo "2830"]
[BlackElo "2460"]
[Result "1-0"]
1.d4 d5
2.c4 e6
3.Nb1c3 c6
4.e4 dxe4
5.Nc3xe4 Ng8f6
6.Ne4xf6 Qd8xf6
7.Ng1f3 Bf8b4
8.Bc1d2 Bb4xd2
9.Qd1xd2 O-O
10.O-O-O Nb8a6
11.Bf1d3 Rf8d8
12.Qd2e3 b5
13.c5 Na6c7
14.Qe3e4 g6
15.h4 Nc7d5
16.h5 Qf6f4
17.Qe4xf4 Nd5xf4
18.hxg6 hxg6
19.Bd3e4 Nf4d5
20.Nf3e5 Bc8b7
21.Rd1d3 Nd5f4
22.Rd3f3 Rd8xd4
23.Rf3xf4 { abandon }1-0

[Event "TRISTAN DA CUNHA"]
[Site "www.echecsemail.com"]
[Date "2026.01.06"]
[Round "1"]
[White "Intrigue"]
[Black "Rachess"]
[WhiteElo "1750"]
[BlackElo "1550"]
[Result "0-1"]
1.e4 e5
2.Ng1f3 Nb8c6
3.Nb1c3 Ng8f6
4.Bf1c4 Nf6xe4
5.Nc3xe4 d5
6.Bc4xd5 Qd8xd5
7.Ne4c3 Qd5e6
8.O-O Bf8d6
9.d3 O-O
10.Bc1e3 Nc6b4
11.a3 Nb4d5
12.Nc3xd5 Qe6xd5
13.c4 Qd5c6
14.Ra1c1 Bc8g4
15.b4 Bg4xf3
16.gxf3 Ra8d8
17.b5 Qc6d7
18.a4 Qd7h3
19.Qd1d2 e4
20.f4 f5
21.Qd2e2 exd3
22.Qe2xd3 Bd6xf4
23.Qd3e2 Qh3xh2
0-1

[Event "Tournoi n27364"]
[Site "www.echecsemail.com"]
[Date "2026.01.06"]
[Round "1"]
[White "Nicadria22"]
[Black "Geantvert"]
[WhiteElo "1930"]
[BlackElo "1870"]
[Result "0-1"]
1.e4 c5
2.Ng1f3 Nb8c6
3.d4 cxd4
4.Nf3xd4 g6
5.c4 Bf8g7
6.Bc1e3 e6
7.Nd4xc6 bxc6
8.Be3d4 f6
9.Bf1e2 Ng8e7
10.O-O O-O
11.Nb1c3 d5
12.exd5 cxd5
13.cxd5 Ne7xd5
14.Qd1b3 Nd5f4
15.Bd4e3 Nf4xe2
16.Nc3xe2 Qd8c7
17.Be3f4 Qc7b7
18.Qb3c3 e5
19.Bf4e3 Bc8e6
20.b3 Ra8c8
21.Qc3b2 Rc8c6
22.Ra1c1 Rf8c8
23.Rc1xc6 Rc8xc6
24.Rf1c1 a6
25.Qb2d2 Rc6xc1
26.Qd2xc1 Bg7f8
27.f4 exf4
28.Ne2xf4 Be6f7
29.Be3d4 f5
30.Qc1c3 Qb7e4
31.Qc3e3 Qe4b1
32.Kf2 Qb1xa2
33.Kf3 Qa2xb3
34.Qe3xb3 Bf7xb3
35.Bd4b6 Bf8b4
36.Nf4d3 Bb4c3
37.Nd3c5 Bb3c4
{ abandon }0-1

[Event "Memorial Lara CIII"]
[Site "www.echecsemail.com"]
[Date "2026.01.06"]
[Round "1"]
[White "Connecticcut"]
[Black "Orosco"]
[WhiteElo "1860"]
[BlackElo "2270"]
[Result "1-0"]
1.e4 c5
2.Ng1f3 e6
3.Bf1c4 Ng8f6
4.d3 Nb8c6
5.O-O Bf8e7
6.Nb1c3 d5
7.exd5 exd5
8.Bc4b5 d4
9.Nc3e4 Bc8d7
10.Ne4xf6 Be7xf6
11.Bc1f4 O-O
12.Bf4d6 Rf8e8
13.Bd6xc5 a6
14.Bb5c4 Bd7e6
15.Bc4xe6 Re8xe6
16.h3 Qd8d5
17.Bc5a3 Ra8e8
18.Nf3d2 Bf6g5
19.Qd1f3 Qd5b5
20.Nd2b3 Re6f6
21.Qf3g4 Rf6f4
22.Qg4d7 Re8d8
23.Qd7c7 h6
24.Ba3d6 Rf4f5
25.Ra1e1 Rf5d5
26.Bd6h2 Kf8
27.Qc7g3 Rd5f5
28.Re1e4 Qb5d5
29.f4 Bg5f6
30.h4 Rf5h5
31.f5 Rh5xf5
32.Rf1xf5 Qd5xf5
33.Nb3d2 Nc6b4
34.Qg3c7 Qf5c8
35.Bh2d6 Kg8
36.Qc7xc8 Rd8xc8
37.Bd6xb4 Rc8xc2
38.Nd2f3 Rc2xb2
39.Bb4c5 Rb2xa2
40.Bc5xd4 Bf6xd4
41.Re4xd4 b5
42.Rd4d8 Kh7
43.Rd8b8 a5
44.Rb8xb5 a4
45.Rb5a5 a3
46.d4 Ra2a1
47.Kh2 a2
48.Ra5a4 f6
49.Nf3d2 Kg6
50.Ra4a5 Ra1d1
51.Ra5xa2 Kf5
52.Nd2f3 g5
53.hxg5 hxg5
54.Kg3 Rd1d3
55.Ra2d2 Rd3a3
56.d5 g4
57.d6 gxf3
58.gxf3 Ke6
59.d7 Ra3a8
60.d8Q { abandon }1-0

[Event "Défi"]
[Site "www.echecsemail.com"]
[Date "2026.01.06"]
[Round "1"]
[White "Superman"]
[Black "Kawa750"]
[WhiteElo "1680"]
[BlackElo "1710"]
[Result "0-1"]
1.e4 c5
2.Ng1f3 e6
3.Bf1b5 a6
4.Bb5e2 Nb8c6
5.O-O Ng8f6
6.e5 Nf6g4
7.d3 Ng4xe5
8.Rf1e1 d5
9.Bc1f4 Ne5xf3
10.Be2xf3 Bf8d6
11.Qd1d2 Nc6d4
12.Bf4xd6 Qd8xd6
13.Bf3d1 O-O
14.c3 Nd4c6
15.Bd1f3 Ra8b8
16.Qd2g5 f6
17.Qg5e3 Qd6e5
18.Nb1d2 Bc8d7
19.Qe3xc5 Qe5c7
20.Nd2b3 b6
21.Qc5e3 Nc6e5
22.Nb3d4 Ne5xf3
23.Qe3xf3 Qc7d6
24.Re1e2 e5
25.Nd4f5 Bd7xf5
26.Ra1e1 Bf5g6
27.h4 e4
28.dxe4 dxe4
29.Qf3g4 f5
30.Qg4g5 h6
31.Qg5c1 Rf8e8
32.Qc1c2 Qd6d3
33.Qc2a4 Bg6f7
34.a3 Qd3b5
35.Qa4d4 Bf7c4
36.Re2d2 Bc4d3
37.g3 Rb8d8
38.Qd4e3 Qb5b3
39.Qe3f4 Qb3e6
40.Kg2 Qe6d5
41.Kh2 Qd5c5
42.g4 Qc5e5
43.Kg3 Qe5xf4
44.Kxf4 fxg4
45.Kxg4 Re8f8
46.Re1g1 Rf8f6
47.Rg1g3 Rf6f3
48.Rg3xf3 exf3
49.Kxf3 Rd8f8
50.Ke3 Bd3b5
51.Rd2d6 Rf8f6
52.Rd6d8 Kh7
53.f4 Kg6
54.Rd8d5 Kf7
55.h5 Rf6e6
56.Kf3 Kf6
57.Kg4 Bb5e2
58.Kh4 Ke7
59.f5 Re6e4
60.Kg3 Be2xh5
61.f6 Kxf6
62.Rd5xh5 Re4e5
63.Rh5h4 a5
64.Kf3 h5
65.c4 Kg5
66.Rh4f4 Re5f5
67.Rf4xf5 Kxf5
68.b4 axb4
69.axb4 Ke5
70.Ke3 g5
71.c5 bxc5
72.b5 Kd6
73.Kd3 h4
{ abandon }0-1

[Event "Tournoi n27352"]
[Site "www.echecsemail.com"]
[Date "2026.01.06"]
[Round "1"]
[White "Fouvolant"]
[Black "Turbo"]
[WhiteElo "1380"]
[BlackElo "1300"]
[Result "1-0"]
1.e4 e5
2.Ng1f3 Nb8c6
3.Bf1c4 Nc6a5
4.Bc4e2 Bf8d6
5.Nb1c3 h6
6.O-O Ng8f6
7.d4 Bd6b4
8.Nf3xe5 O-O
9.Bc1d2 Bb4xc3
10.Bd2xc3 Na5c6
11.Ne5xc6 bxc6
12.Be2f3 d6
13.b3 c5
14.e5 Ra8b8
15.exf6 Qd8xf6
16.Qd1d3 Bc8f5
17.Qd3d2 Qf6g6
18.Ra1c1 Bf5e4
19.Bf3xe4 Qg6xe4
20.Rf1e1 Qe4g4
21.dxc5 dxc5
22.Rc1d1 Rb8b6
23.Re1e3 h5
24.Re3g3 Qg4c8
25.Rg3xg7 Kh8
26.Qd2h6 { abandon }1-0

[Event "Défi"]
[Site "www.echecsemail.com"]
[Date "2026.01.06"]
[Round "1"]
[White "Vvvv"]
[Black "Patau"]
[WhiteElo "1650"]
[BlackElo "1700"]
[Result "1-0"]
1.e4 e5
2.Ng1f3 c6
3.d4 exd4
4.Nf3xd4 d5
5.Nb1c3 Bf8c5
6.Bc1e3 dxe4
7.Nc3xe4 Bc5b6
8.Qd1d3 Ng8f6
9.O-O-O O-O
10.Be3g5 Bb6xd4
11.Qd3xd4 Bc8e6
12.Qd4xd8 { abandon }1-0

[Event "Tournoi n27323"]
[Site "www.echecsemail.com"]
[Date "2026.01.06"]
[Round "1"]
[White "Jetjet91330"]
[Black "Picasso"]
[WhiteElo "2090"]
[BlackElo "2110"]
[Result "1-0"]
1.d4 d5
2.Ng1f3 Ng8f6
3.c4 dxc4
4.Nb1c3 a6
5.e4 b5
6.e5 Nf6d5
7.a4 Nd5xc3
8.bxc3 Bc8b7
9.Bc1a3 g6
10.Bf1e2 Bf8g7
11.O-O O-O
12.Ra1b1 Qd8d5
13.Nf3h4 c6
14.Ba3xe7 Rf8e8
15.Be7d6 Nb8d7
16.Be2f3 Qd5e6
17.Bf3g4 f5
18.Bg4h3 Ra8d8
19.Qd1c1 c5
20.axb5 cxd4
21.cxd4 axb5
22.Rb1xb5 Bb7a6
23.Rb5a5 Ba6b7
24.Ra5a7 Bb7e4
25.Qc1a3 Nd7xe5
26.dxe5 Bg7xe5
27.Bd6xe5 Qe6xe5
28.Rf1c1 Be4d3
29.Nh4f3 Qe5d5
30.Qa3c3 Rd8d7
31.Ra7xd7 Qd5xd7
32.g3 { abandon }1-0

[Event "Tournoi échelle élite"]
[Site "www.echecsemail.com"]
[Date "2026.01.06"]
[Round "1"]
[White "Orosco"]
[Black "Jajaf1959"]
[WhiteElo "2280"]
[BlackElo "1950"]
[Result "1-0"]
1.e4 e5
2.Ng1f3 d6
3.d4 exd4
4.Nf3xd4 Ng8f6
5.Nb1c3 g6
6.Bc1g5 Bf8g7
7.Qd1d2 Nb8d7
8.O-O-O h6
9.Bg5f4 Nd7e5
10.h4 Bc8g4
11.f3 Bg4h5
12.g4 Ne5xf3
13.Nd4xf3 Bh5xg4
14.Bf1b5 c6
15.Bb5e2 Bg7f8
16.Bf4xd6 Bf8xd6
17.Qd2xd6 Qd8xd6
18.Rd1xd6 Bg4e6
19.b3 O-O
20.Rh1d1 Kg7
21.Kb2 Rf8e8
22.Rd1d4 c5
23.Rd4d1 Be6g4
24.e5 Nf6h5
25.Rd1g1 Bg4xf3
26.Be2xf3 Re8xe5
27.Rd6d7 b6
28.Bf3xa8 { abandon }1-0

[Event "Défi"]
[Site "www.echecsemail.com"]
[Date "2026.01.06"]
[Round "1"]
[White "Hberlioz"]
[Black "Tiounet"]
[WhiteElo "1690"]
[BlackElo "1650"]
[Result "0-1"]
1.e4 a6
2.d4 b5
3.Ng1f3 Bc8b7
4.Bf1d3 Ng8f6
5.Bc1g5 g6
6.Nb1c3 Bf8g7
7.Qd1e2 O-O
8.h4 d6
9.Bg5xf6 Bg7xf6
10.h5 Nb8d7
11.hxg6 fxg6
12.g4 c5
13.g5 Bf6g7
14.O-O-O cxd4
15.Nc3b1 Nd7c5
16.Rh1h3 Nc5xd3
17.Rd1xd3 Qd8b6
18.Nb1d2 e5
19.Qe2f1 Rf8f4
20.Qf1h1 h5
21.gxh6 Bg7f6
22.h7 Kh8
23.Rh3h6 Bb7xe4
24.Rd3b3 Qb6c6
25.Nd2xe4 Bf6g7
26.Rh6xg6 Ra8c8
27.c3 Qc6xe4
28.Rg6g3 dxc3
29.bxc3 Qe4e2
30.Rb3b2 Rc8xc3
31.Kb1 Qe2d3
32.Ka1 Rf4xf3
33.Rg3xf3 Qd3xf3
34.Qh1xf3 Rc3xf3
35.Rb2d2 Bg7f8
36.Kb2 Kxh7
{ abandon }0-1

[Event "Défi( 10J+24H/c 10J Max )"]
[Site "www.echecsemail.com"]
[Date "2026.01.06"]
[Round "1"]
[White "Panchoa"]
[Black "Vb83"]
[WhiteElo "1610"]
[BlackElo "1440"]
[Result "1-0"]
1.e4 e5
2.Ng1f3 Nb8c6
3.Bf1b5 Ng8f6
4.O-O a6
5.Bb5xc6 dxc6
6.Nf3xe5 Bf8d6
7.d4 Nf6xe4
8.Rf1e1 Ne4f6
9.Ne5xc6 { abandon }1-0

[Event "VIC LA GARDIOLE"]
[Site "www.echecsemail.com"]
[Date "2026.01.06"]
[Round "1"]
[White "Orosco"]
[Black "4x4"]
[WhiteElo "2280"]
[BlackElo "1460"]
[Result "1-0"]
1.e4 e5
2.Ng1f3 Nb8c6
3.Nb1c3 Ng8f6
4.d4 exd4
5.Nf3xd4 Nc6xd4
6.Qd1xd4 c6
7.Bc1g5 b5
8.a3 Bc8b7
9.Bf1e2 Bf8e7
10.O-O O-O
11.Be2f3 h6
12.Bg5xf6 Be7xf6
13.e5 Bf6g5
14.Nc3e4 Ra8c8
15.Qd4xa7 Rc8b8
16.Ne4xg5 hxg5
17.Qa7c5 Bb7a6
18.b4 Rf8e8
19.Rf1d1 Re8e6
20.Rd1d6 Ba6b7
21.Rd6xe6 fxe6
22.Ra1d1 Bb7c8
23.Bf3xc6 Bc8b7
24.Rd1xd7 Qd8e8
25.Rd7xb7 Qe8d8
26.Rb7xb8 Qd8xb8
27.Qc5xb5 Qb8d8
28.Qb5d3 Qd8c7
29.b5 Qc7xe5
30.h3 Kf7
31.Qd3f3 Ke7
32.g4 Qe5a1
33.Kg2 Qa1b2
34.c4 Qb2d4
35.Qf3e2 e5
36.a4 Kd6
37.a5 Kc5
38.Qe2e3 Kxc4
39.Qe3xd4 exd4
40.a6 d3
41.a7 d2
42.Bc6f3 Kxb5
43.a8Q Kc4
44.Qa8a4 Kd3
45.Qa4d1 Kc3
46.Bf3e4 Kd4
47.Qd1xd2 Kxe4
48.Qd2xg5 g6
49.Qg5xg6 Ke5
50.Kf3 { abandon }1-0

[Event "Transval 2"]
[Site "www.echecsemail.com"]
[Date "2026.01.06"]
[Round "1"]
[White "Woluwe1975"]
[Black "Patau"]
[WhiteElo "1630"]
[BlackElo "1690"]
[Result "0-1"]
1.d4 d5
2.Ng1f3 Ng8f6
3.Nb1d2 e6
4.e3 c5
5.c4 cxd4
6.exd4 Nb8c6
7.c5 Bf8e7
8.b3 O-O
9.Bc1b2 b6
10.a3 bxc5
11.Bf1e2 a5
12.O-O Bc8a6
13.Rf1e1 Ba6xe2
14.Qd1xe2 cxd4
15.Nf3xd4 Qd8b6
16.Nd2f3 Nf6e4
17.Qe2d3 Rf8c8
18.Ra1c1 Be7f6
19.Bb2a1 Rc8c7
20.Rc1c2 Ra8c8
21.Re1c1 Nc6xd4
22.Rc2xc7 Rc8xc7
23.Rc1xc7 Qb6xc7
24.Ba1b2 Qc7c5
25.Nf3xd4 Bf6xd4
26.Qd3e2 Bd4xb2
27.Qe2xb2 Qc5c3
28.Qb2b1 Ne4d2
29.Qb1d1 Qc3xb3
30.Qd1c1 Qb3b1
31.Qc1xb1 Nd2xb1
32.a4 Nb1c3
{ abandon }0-1

[Event "Défi"]
[Site "www.echecsemail.com"]
[Date "2026.01.06"]
[Round "1"]
[White "Den"]
[Black "Marcrode"]
[WhiteElo "1890"]
[BlackElo "1360"]
[Result "1-0"]
1.f4 e6
2.Ng1f3 f6
3.d4 d5
4.e3 a6
5.Nf3h4 Ng8e7
6.Bf1d3 f5
7.Nb1d2 Ne7g6
8.Nh4f3 h6
9.O-O b6
10.Nf3e5 Ng6xe5
11.fxe5 Qd8g5
12.e4 f4
13.Nd2b3 Qg5e7
14.exd5 exd5
15.Qd1h5 Qe7f7
16.Bd3g6 Bc8e6
17.Bg6xf7 Be6xf7
18.Qh5f5 Bf7e6
19.Qf5xe6 Bf8e7
20.Rf1xf4 { abandon }1-0

[Event "Tournoi n27362"]
[Site "www.echecsemail.com"]
[Date "2026.01.06"]
[Round "1"]
[White "Mokanne"]
[Black "Ozon"]
[WhiteElo "1460"]
[BlackElo "1660"]
[Result "0-1"]
1.e4 e5
2.a3 a6
3.h3 Nb8c6
4.d3 Bf8e7
5.Bc1d2 Ng8f6
6.g4 O-O
7.Bf1g2 Be7c5
8.Bd2e3 Bc5a7
9.Qd1d2 d6
10.c3 Bc8e6
11.Be3g5 Nc6a5
12.Bg2f3 Na5b3
13.Qd2c2 Nb3xa1
14.Qc2d1 Na1b3
15.c4 Nb3d4
16.Bf3g2 c6
17.Ng1f3 Qd8b6
18.Bg5e3 Qb6xb2
19.Nf3xd4 exd4
20.Kf1 d5
21.Be3d2 dxc4
22.Bd2b4 Rf8d8
23.Bg2f3 Qb2b3
24.Qd1xb3 cxb3
25.Kg2 c5
26.Bb4d2 Rd8c8
27.e5 Nf6d5
28.Bf3d1 b2
29.f4 c4
30.Bd1c2 c3
31.Bd2e1 Nd5e3
32.Kf3 Ne3xc2
33.Ke4 Nc2xe1
34.Rh1xe1 c2
{ abandon }0-1

[Event "Tournoi n27322"]
[Site "www.echecsemail.com"]
[Date "2026.01.06"]
[Round "1"]
[White "Carrighir"]
[Black "Kichmat"]
[WhiteElo "2090"]
[BlackElo "2010"]
[Result "1-0"]
1.e4 c5
2.d4 cxd4
3.c3 dxc3
4.Nb1xc3 e6
5.Bf1c4 d6
6.Ng1f3 Ng8f6
7.Qd1e2 Bf8e7
8.O-O O-O
9.Rf1d1 Nf6d7
10.Nc3b5 Nd7b6
11.Bc4b3 a6
12.Nb5xd6 Nb8d7
13.e5 Be7xd6
14.Rd1xd6 Qd8c7
15.Bc1f4 Nd7c5
16.Bb3c2 g6
17.Nf3g5 Qc7e7
18.Rd6xb6 f6
19.exf6 Qe7xf6
20.Bf4e3 Qf6e5
21.Ra1e1 Bc8d7
22.b4 Nc5a4
23.Bc2xa4 Bd7xa4
24.Rb6xe6 Qe5f5
25.Re6e7 Ba4b5
26.Be3d4 Bb5xe2
27.Re7g7 Kh8
28.Rg7xh7 Kg8
29.Rh7h8 1-0